|
|
|
|
| LEADER |
00950nam a2200241 a 4500 |
| 001 |
008136856-9 |
| 008 |
090817s1996 enka b 001 0 eng d |
| 020 |
|
|
|a 0435266063
|
| 040 |
|
|
|a DGU
|c DGU
|d HMG
|
| 082 |
0 |
4 |
|a 428.1
|2 20
|
| 100 |
1 |
|
|a Fox, Jeremy
|
| 245 |
0 |
0 |
|a Challenge and change in language teaching /
|c editors, Jane Willis & Dave Willis.
|
| 260 |
|
|
|a Oxford. :
|b Heinemann, ;
|c 1996.
|
| 300 |
|
|
|a vi, 186 p. :
|b ill. ;
|c 25 cm.
|
| 504 |
|
|
|a Includes bibliographical references (p. 178-183) and index.
|
| 541 |
1 |
|
|e 00014472
|
| 650 |
|
0 |
|a Language and languages
|x Study and teaching (Elementary)
|
| 650 |
|
0 |
|a Languages, Modern
|x Study and teaching.
|
| 700 |
1 |
|
|a Willis, Jane.
|
| 700 |
1 |
|
|a Willis, Dave.
|
| 852 |
4 |
|
|a Ayesha Abed Library
|j General shelf
|
| 999 |
|
|
|c 3217
|d 3217
|
| 952 |
|
|
|0 0
|1 0
|2 ddc
|4 0
|6 428_100000000000000_CHA_1996
|7 0
|9 2914
|a BRACUL
|b BRACUL
|c GEN
|d 2009-08-30
|l 4
|m 17
|o 428.1 CHA
|p 3010014472
|r 2016-06-01
|s 2016-02-25
|t 1
|w 2009-08-30
|y BK
|